000 00777cab a2200241 4500
001 ABS56901
008 090401t1997 xxu||||| |||| 00| 0 eng d
035 _a(Sirsi) u77969
041 _aeng
100 _aJones, O.
245 _aPartnering options
260 _c1997
350 _a0
490 _aFacilities Management
_v4(4) April 1997, 4-6(3)
520 _aAn interview with Oliver Jones of facilities managers, Symonds Group, on the subject of partnering. Discusses what partnering is, why it is relevant today and the keys to success - as well as the problems.
650 _aFACILITIES MANAGEMENT
_96240
650 _aPARTNERING
650 _aSOURCING
650 _aSYMONDS GROUP
690 _aProject management
_96261
942 _n0
948 _c25/04/1997
999 _c49040
_d49040